[Event "Hokkaido Chess Championship 2025"]
[Site "?"]
[Date "2025.03.22"]
[Round "1.1"]
[White "Nakamura, Mitsuru"]
[Black "Dryglas, Maciej"]
[Result "0-1"]
[WhiteElo "1603"]
[BlackElo "2135"]
[Annotator "Fritz 11 SE (30s)"]
[PlyCount "92"]
[EventDate "2025.03.22"]
[EventRounds "5"]
[EventCountry "JPN"]

{A43: Schmid Benoni} 1. d4 d5 2. Nf3 c5 3. Bf4 cxd4 4. Nxd4 (4. Bxb8 Qa5+ 5. c3
Rxb8 6. Qxd4 Nf6 7. Nbd2 (7. e3 e6 8. Nbd2 a6 9. Bd3 Qc7 10. O-O b5 11. Rfe1
Bb7 12. a4 Bc5 13. Qh4 Bc6 14. axb5 axb5 15. Nd4 Bd7 16. e4 Be7 17. exd5 Nxd5
18. Qg4 g6 19. Qf3 O-O 20. Be4 Nb6 21. Bc6 Nc4 {Harakis,A (2220)-Greet,A (2449)
England 2012 0-1 (38)}) 7... e6 8. Nb3 Qb6 9. Qxb6 axb6 10. e3 Bd6 11. Bb5+ Ke7
12. O-O Ra8 13. c4 dxc4 14. Bxc4 Bd7 15. Nbd2 {1/2-1/2 (15) Sokolov,A (2580)
-Westerinen,H (2410) Gausdal 1996}) 4... f6 $146 {Prevents intrusion on e5+g5}
(4... Nc6 5. e3 e6 6. Be2 Nf6 7. O-O Be7 8. Bf3 O-O 9. c4 Qb6 10. Nc3 Nxd4 11.
Qxd4 Qxd4 12. exd4 dxc4 13. Rac1 Rd8 14. Nb5 a6 15. Nc7 Ra7 16. Rxc4 b5 17. Rc2
Bb7 18. Bxb7 Rxb7 19. Be5 {Singer,R (2210)-Meszaros,A (2390) Zalaegerszeg 1993
0-1}) 5. Nf3 (5. Bd2 $5 $11) 5... e5 $15 {Black threatens to win material:
e5xf4} 6. Bg3 Nc6 7. e3 {Secures d4} Qb6 8. b3 (8. Nc3 Be6 9. Nxd5 Qa5+ 10. Nc3
Bb4 $15) 8... Bf5 (8... Be6 $5 $17) 9. Be2 Nb4 {[%cal Rb4c2,Rf5c2,Gd1c2]
Exerts pressure on the backward pawn} 10. e4 $2 (10. O-O $142 {and White hangs
on} Nxc2 11. Nh4 $15) 10... Bxe4 11. Bd3 $2 (11. O-O Nxc2 12. Nc3 Nxa1 13. Bb5+
Kd8 14. Ba4 $17) 11... Bxd3 12. cxd3 Rc8 13. Na3 (13. O-O {does not save the
day} Nc2 14. Nbd2 Nxa1 15. Qxa1 Bd6 $19) 13... Qa5 14. O-O Qxa3 15. Nxe5 (15.
Re1 {a fruitless try to alter the course of the game} Ne7 16. Bxe5 Nc2 $19)
15... Ne7 (15... fxe5 $142 {makes sure everything is clear} 16. Qh5+ Kd8 17.
Bxe5 Nxd3 18. Bd4 $19) 16. Nf3 Nf5 17. Qe2+ Kf7 18. Rae1 (18. Rfe1 {hardly
improves anything} Qa6 19. Nh4 Nxh4 $19) 18... Qa6 19. Nh4 Nxh4 20. Bxh4 (20.
Qg4 {cannot change what is in store for White} f5 21. Qxh4 Nxd3 22. Rd1 $19)
20... Bc5 (20... h5 {might be the shorter path} 21. Bg3 $19) 21. Qh5+ $4 {
White crumbles in face of a dire situation} (21. a3 $142 Qc6 22. axb4 Bxb4 23.
Rb1 $19) 21... g6 $19 22. Qf3 Rhd8 23. Bg5 (23. Re2 {doesn't get the cat off
the tree} Bd4 $19) 23... Nxd3 (23... Nc2 {keeps an even firmer grip} 24. Re5
$19) 24. Re2 Rc6 (24... Bd4 $5 {and Black can already relax} 25. Rd2 Rc3 26.
Be3 $19) 25. Rd1 Nb4 26. Rde1 (26. a4 {does not improve anything} d4 27. Bc1 d3
$19) 26... Qd3 27. Bd2 Qxf3 28. gxf3 Nd3 29. Rd1 Re6 30. Rxe6 Kxe6 31. Ba5 (31.
Kf1 {is no salvation} Nxf2 32. Rc1 Bd4 $19) 31... b6 (31... Nxf2 {makes it
even easier for Black} 32. Re1+ Kd7 33. Kf1 $19) 32. Bxb6 axb6 33. Rxd3 Ra8 34.
a4 Ke5 35. Rd1 (35. Kf1 {doesn't change anything anymore} d4 36. Ke2 Kd5 $19)
35... d4 36. Kf1 Kd5 (36... Bb4 {seems even better} 37. Ke2 Rc8 38. f4+ Kd5 39.
f5 $19) 37. f4 (37. Ke2 {does not win a prize} Bd6 $19) 37... Re8 38. Kg2 Bb4
39. Rd3 (39. f5 $19 {what else?}) 39... Ke4 40. Rf3 Bd2 (40... Rd8 $142 {
and Black takes home the point} 41. h4 $19) 41. Rh3 h5 42. Rg3 g5 43. fxg5 fxg5
44. Rh3 h4 45. Rf3 Bf4 46. b4 d3 (46... d3 47. Rxd3 Kxd3 $19) 0-1

[Event "Hokkaido Chess Championship 2025"]
[Site "?"]
[Date "2025.03.22"]
[Round "1.2"]
[White "Sugimoto, Koichi"]
[Black "Furuse, Mizuki"]
[Result "1-0"]
[WhiteElo "1908"]
[BlackElo "1588"]
[Annotator "Fritz 11 SE (30s)"]
[PlyCount "105"]
[EventDate "2025.03.22"]
[EventRounds "5"]
[EventCountry "JPN"]

{B07: Pirc Defence: Miscellaneous Systems} 1. d4 Nf6 2. Nc3 g6 3. Bf4 Bg7 4. e4
d6 5. Qd2 O-O 6. O-O-O (6. Bh6 c5 7. Bxg7 Kxg7 8. d5 e6 9. dxe6 Bxe6 10. O-O-O
Nc6 11. Nf3 Qa5 12. a3 Rad8 13. Ng5 d5 14. exd5 Bxd5 15. Nxd5 Qxd2+ 16. Rxd2
Rxd5 17. Rxd5 Nxd5 18. g3 Nf6 19. Bg2 h6 20. Ne4 Re8 {Ponomariov,R (2744)
-Eljanov,P (2742) Moscow 2010 1-0 (66)}) 6... a6 $146 {Controls b5} (6... Re8
7. f3 Nbd7 8. Bh6 Bh8 9. h4 c5 10. Nge2 Qa5 11. dxc5 Nxc5 12. Nd4 Bd7 13. Kb1
a6 14. h5 Na4 15. Nxa4 Qxd2 16. Rxd2 Bxa4 17. hxg6 hxg6 18. g4 Rac8 19. Be3 Bg7
20. g5 Nd7 21. Bh3 {Colovic,D (2380)-Milosevic,B (2271) Serbia 2009 0-1 (41)})
(6... c6 7. f3 (7. Bh6 Qa5 8. Bxg7 Kxg7 9. f4 Be6 10. a3 b5 11. e5 Nd5 12. Nge2
Nd7 13. Nxd5 Qxd2+ 14. Rxd2 Bxd5 15. Nc3 Nb6 16. Nxd5 Nxd5 17. g3 a5 18. Bg2
Rfd8 19. Re1 e6 20. Rd3 Rac8 21. Rf1 h6 {Kuzmin,G (2560)-Adorjan,A (2515)
Budapest 1978 1-0 (44)}) 7... b5 8. h4 Qa5 9. Bh6 b4 10. Nb1 Nbd7 11. Bxg7 Kxg7
12. h5 g5 13. Ne2 h6 14. Ng3 Nb6 15. a3 c5 16. e5 dxe5 17. dxc5 Qxc5 18. axb4
Qc7 19. Qc3 Qb8 20. Re1 Nbd5 21. Qxe5 {Crouan,S (2181)-Bailet,P (2309)
Guingamp 2009 1/2-1/2}) 7. Nf3 b5 (7... Nc6 8. a3 $14) 8. Qe1 {Black has a
cramped position} (8. e5 $5 Nh5 9. Bh6 $14) 8... Bb7 $11 9. e5 {White
threatens to win material: e5xf6} Nd5 {Black threatens to win material: Nd5xf4}
10. Bd2 Nxc3 {Black forks: a2+d1} 11. Bxc3 Bd5 12. Kb1 (12. h4 Nc6 $14) 12...
Nc6 $11 13. Bd3 Rb8 14. Be4 Bxe4 15. Qxe4 d5 {Black threatens to win material:
d5xe4} 16. Qe2 a5 17. e6 (17. h4 b4 18. Be1 a4 $14) 17... f6 {Black has a
cramped position} (17... b4 $5 {should be considered} 18. Bd2 a4 $11 (18...
Bxd4 $143 19. Bh6 Bg7 20. exf7+ Kh8 21. Bxg7+ Kxg7 22. Ng5 $16)) 18. Bd2 (18.
h4 b4 19. Bd2 a4 $16) 18... Rb6 (18... Qd6 $5 $14 {is interesting}) 19. h4 $16
h5 20. Qd3 (20. Bf4 Qc8 $16) 20... Qe8 (20... f5 21. Bf4 $16) 21. Bf4 Nb4 22.
Qe2 Qc8 23. Rhe1 Rb7 (23... Nc6 24. Qd3 Kh7 25. Qb3 $16) 24. c3 (24. Nd2 $5 a4
$16) 24... Nc6 25. Qd3 {White threatens to win material: Qd3xg6} Qe8 26. Nh2 (
26. Re3 f5 $16) 26... f5 (26... b4 $5 27. Rc1 bxc3 28. Rxc3 g5 $11) 27. Nf3 $14
Kh7 28. Ng5+ Kg8 29. Qg3 (29. Bd2 b4 $16) 29... Qc8 (29... b4 $142 $5 $14 {
might be a viable alternative}) 30. Nf7 $16 Rxf7 31. exf7+ Kxf7 32. Qe3 Qd7 33.
f3 Bf6 34. Bg5 Rb8 (34... Bg7 $142 $5 $16) 35. Bxf6 $18 exf6 36. Qh6 Rg8 37.
Rg1 (37. Re2 Qc8 $18) 37... Qd8 38. Qf4 (38. Rde1 Rh8 39. Qe3 Qd7 $16) 38...
Qd7 (38... Qd6 39. Qxd6 cxd6 40. f4 $16) 39. g4 hxg4 40. fxg4 Ne7 (40... Rh8
41. g5 $16) 41. g5 (41. Rdf1 Qd6 $16) 41... fxg5 (41... Qd6 $142 $5 42. Qf2 Rh8
$16) 42. hxg5 $18 Nc6 (42... Qd6 43. Qh4 $18) 43. Rh1 Rg7 $6 {hardly fazing
for the opponent} (43... Qd6 44. Qe3 Qe7 45. Qd2 $18) 44. Rde1 Qd8 (44... Ne7 {
is not much help} 45. Rh8 Ng8 46. Qf3 $18) 45. Qe3 (45. Rh8 $142 {and White
can already relax} Qd7 46. Qh2 $18) 45... Ne7 (45... Qd7 {is still a small
chance} 46. Rh8 Ne7 $18) 46. Qe6+ Kf8 47. Rh8+ Ng8 48. Qc6 Kf7 49. Qxb5 f4 50.
Qc6 f3 51. Qe6+ Kf8 52. Rf1 Re7 (52... Qe7 {does not help much} 53. Qc8+ Qe8
54. Rxf3+ Ke7 55. Re3+ Kd6 56. Rxe8 Rd7 57. Rhxg8 Re7 58. Rxg6+ Re6 59. Qxe6#)
53. Rxg8# 1-0

[Event "Hokkaido Chess Championship 2025"]
[Site "?"]
[Date "2025.03.22"]
[Round "1.3"]
[White "Shishido, Kenta"]
[Black "Honda, Yoshiki"]
[Result "0-1"]
[WhiteElo "1431"]
[BlackElo "1828"]
[Annotator "Fritz 11 SE (30s)"]
[PlyCount "68"]
[EventDate "2025.03.22"]
[EventRounds "5"]
[EventCountry "JPN"]

{B20: Sicilian: Unusual White 2nd moves} 1. e4 c5 2. a3 Nc6 3. b4 d6 $146 (3...
Nf6 4. b5 Nd4 5. c3 Ne6 6. e5 Nd5 7. Qb3 Nec7 8. Bc4 e6 9. Nf3 d6 10. O-O dxe5
11. Nxe5 Bd6 12. d4 O-O 13. Nf3 b6 14. dxc5 Bxc5 15. Nbd2 Nf6 16. Qc2 Bb7 17.
Bd3 h6 18. c4 {Tsaknakis,Z (2235)-Plischki,S (2398) Pardubice 2015 0-1 (73)}) (
3... e5 4. b5 (4. Nf3 Nf6 5. b5 Nd4 6. c3 Nxf3+ 7. Qxf3 d5 8. exd5 Qxd5 9. Qxd5
Nxd5 10. c4 Nc7 11. Bb2 f6 {1/2-1/2 (11) Svicevic,R (2300)-Marinkovic,S (2391)
Belgrade 2014}) 4... Nd4 5. c3 Ne6 6. Bc4 (6. Nf3 Nf6 7. Qa4 Qc7 8. d3 Be7 9.
Nbd2 O-O 10. Bb2 Re8 11. Rc1 d5 12. exd5 Nf4 13. c4 Bf5 14. Ne4 Nxe4 15. dxe4
Bxe4 16. Rc3 Bf5 17. Re3 Ng6 18. Be2 e4 19. Nd2 Bg5 20. Nf1 Bxe3 {Junge,R 
(2271)-Schumacher,N (2210) Germany 2014 1-0 (41)}) 6... Nf6 7. d3 d5 8. exd5
Nxd5 9. Nf3 Nb6 10. Ba2 Bd6 11. O-O O-O 12. Nbd2 Nf4 13. Ne4 Bg4 14. Bxf4 exf4
15. Qd2 Bxf3 16. gxf3 Be5 17. Rad1 Rc8 18. d4 {Bezgodov,A (2482)-Kurnosov,I 
(2657) Khanty-Mansiysk 2013 1/2-1/2 (71)}) (3... Nf6 4. b5 Nd4 5. c3 $15) 4.
bxc5 $11 dxc5 5. Nf3 e5 6. Bb5 {White has a cramped position} Bg4 (6... Bd6 7.
Bb2 Nf6 8. Nxe5 $11) 7. Bxc6+ bxc6 8. h3 Bh5 (8... Be6 $11) 9. c4 (9. d3 $5 $14
{is worth consideration}) 9... Qd3 {White cannot castle king side} (9... Nf6 $5
$17) 10. Qe2 Qxe2+ 11. Kxe2 f5 12. d3 (12. exf5 $2 {doesn't work because of} e4
13. g4 exf3+ 14. Kxf3 Bf7 15. Re1+ Be7 $17) 12... fxe4 13. dxe4 Bd6 14. g4 {
White threatens to win material: g4xh5} Bg6 15. Nbd2 Nf6 {Black threatens to
win material: Nf6xe4} 16. Ke3 {White king safety dropped} Rb8 17. Nh4 Bxe4 {
Decoy: e4} 18. Nxe4 (18. f3 $5 Bg6 19. Nxg6 hxg6 20. Rb1 $15) 18... Rb3+ $17
19. Ke2 Nxe4 20. Bd2 $2 (20. Nf5 $5 O-O 21. Be3 $17) 20... O-O 21. Rh2 $4 {
simply worsens the situation} (21. Nf5 $142 $19) 21... Rb2 22. Nf3 (22. Rd1 {
is not the saving move} Be7 23. Nf5 Bg5 $19 (23... Nxd2 $6 {is a useless try}
24. Rxd2 Rxd2+ 25. Kxd2 Bg5+ 26. Ke2 $17) (23... Rxd2+ $6 {is easily refuted}
24. Rxd2 Nxd2 25. Nxe7+ Kf7 26. Nxc6 Nxc4 27. Rh1 $15)) 22... Rxf3 $1 {
Deflection: d2} 23. Kxf3 Nxd2+ 24. Ke3 (24. Kg2 {doesn't get the bull off the
ice} e4 25. Rhh1 e3 $19) 24... Nxc4+ 25. Kd3 e4+ $1 {Discovered attack: e5,
Bd6xh2} 26. Kxc4 (26. Kxe4 Bxh2 {Discovered attack}) 26... Bxh2 27. Kxc5 (27.
Re1 {does not solve anything} Rc2+ 28. Kb3 Rxf2 29. Rxe4 Rf3+ 30. Kb2 Rxh3 $19)
27... Rxf2 (27... Be5 $142 {seems even better} 28. Rf1 Rc2+ 29. Kb4 Bd4 $19)
28. Kxc6 (28. Re1 {the only chance to get some counterplay} Rf3 29. Rxe4 Rc3+
30. Kb4 Rxh3 31. Kc5 $19) 28... e3 29. Kb7 e2 (29... Bg3 30. Kxa7 e2 31. Rb1
Rf1 32. Re1 Rxe1 33. h4 Rb1 34. Ka6 e1=Q 35. a4 Qe4 36. a5 Qb7#) 30. Re1 Bf4
31. Kxa7 Bd2 32. Rb1 e1=Q (32... Be3+ 33. Kb8 Rf1 34. Rb7 e1=Q 35. Rxg7+ Kxg7
36. Kb7 Qa5 37. Kc6 Rf6+ 38. Kd7 Qa7+ 39. Kc8 Rf8#) 33. Rb8+ Rf8 34. Rxf8+ Kxf8
(34... Kxf8 35. Kb7 Qe4+ 36. Kc7 Qc4+ 37. Kb6 Be3+ 38. Kb7 Ke7 39. h4 Kd7 40.
a4 Qc8#) 0-1

[Event "Hokkaido Chess Championship 2025"]
[Site "?"]
[Date "2025.03.22"]
[Round "1.4"]
[White "Etabag, John Vincent"]
[Black "Ito, Katsuhide"]
[Result "1-0"]
[WhiteElo "1821"]
[BlackElo "1389"]
[Annotator "Fritz 11 SE (30s)"]
[PlyCount "69"]
[EventDate "2025.03.22"]
[EventRounds "5"]
[EventCountry "JPN"]

{B23: Closed Sicilian: Lines without g3} 1. e4 c5 2. Nc3 Nc6 3. f4 g6 4. Nf3
Bg7 5. a3 a6 (5... d6 6. Bb5 Bd7 7. O-O a6 8. Bc4 Nd4 9. d3 e6 10. Nxd4 cxd4
11. Ne2 Ne7 12. Bb3 O-O 13. Qe1 a5 14. Qf2 Qb6 15. a4 Nc6 16. f5 exf5 17. Ng3
f4 18. Bxf4 Ne5 19. Ra3 Be6 20. Qd2 {Eingorn,V (2580)-Liang,J (2465) Manila
1992 0-1 (41)}) 6. Bc4 (6. b4 b6 7. Rb1 d6 8. b5 axb5 9. Bxb5 Bd7 10. O-O Nh6
11. Nd5 e6 12. Ne3 O-O 13. d3 Rc8 14. g4 f5 15. gxf5 exf5 16. Bc4+ Kh8 17. Ng5
Nd4 18. c3 Nc6 19. Nd5 Rb8 20. Qe1 Ne7 {Rendle,T (2363)-Gordon,S (2508)
Liverpool 2008 0-1 (36)}) 6... e6 7. d3 $146 (7. O-O Nge7 8. d3 O-O 9. e5 d5
10. exd6 Nf5 11. Ne4 Nxd6 12. Ba2 b6 13. Rb1 Bb7 14. Be3 Nd4 15. Ned2 N6f5 16.
Bf2 Nxf3+ 17. Nxf3 Qc7 18. b4 Qxf4 19. bxc5 Bxf3 20. Qxf3 Qxf3 21. gxf3 bxc5 {
Johnsen,S (2186)-Trygstad,K (2227) Gausdal 2000 0-1 (43)}) 7... b5 {Black
threatens to win material: b5xc4} 8. Ba2 Nd4 (8... Nge7 9. O-O $11) 9. O-O (9.
e5 Ne7 10. Ne4 O-O $14) 9... Nxf3+ (9... Bb7 $5 $11 {is an interesting idea})
10. Qxf3 $14 (10. gxf3 $6 Bd4+ 11. Kg2 Ne7 $11) 10... Bb7 {Black should
quickly conclude development.} 11. f5 (11. Qf2 $142 $16) 11... exf5 $4 {
Black lets it slip away} (11... gxf5 $142 {would keep Black in the game} 12.
Qf4 Ne7 $17) 12. Qg3 Ne7 13. Bg5 (13. exf5 $142 Qb6 14. fxg6 c4+ 15. Be3 Qxg6
16. dxc4 $16) 13... O-O $4 (13... Bd4+ $142 {is just about the only chance} 14.
Kh1 f6 $14) 14. exf5 Nxf5 $6 {Black seems to have resigned himself to defeat..}
(14... h6 15. fxg6 hxg5 16. Bxf7+ Rxf7 17. gxf7+ Kf8 $18) 15. Rxf5 Qb6 16. Rff1
(16. Nd5 Bxd5 17. Rxd5 (17. Bxd5 $143 gxf5 18. Bxa8 Rxa8 $11) 17... c4+ 18. Be3
$18) 16... d5 (16... Rae8 17. Rae1 Rxe1 18. Rxe1 b4 $18) 17. Nxd5 Bxd5 18. Bxd5
Ra7 19. c3 (19. Rae1 $142 {keeps an even firmer grip} c4+ 20. Be3 Bd4 21. dxc4
bxc4 $18) 19... Kh8 (19... Rd7 {hardly improves anything} 20. Qf3 $18) 20. Rae1
f6 (20... Rd7 {doesn't change the outcome of the game} 21. Be7 Rxd5 22. Bxf8
Bxf8 23. Rxf7 c4+ 24. d4 $18) 21. Bf4 Rd7 (21... g5 {doesn't change the
outcome of the game} 22. Bd6 Rd8 23. Re6 $18) 22. Be6 (22. Re6 {makes it even
easier for White} Qd8 23. Bd6 Rg8 $18) 22... c4+ (22... Rb7 {cannot undo what
has already been done} 23. Rf3 $18) 23. d4 Re7 (23... Rb7 {doesn't improve
anything} 24. Bd5 Rd7 25. Re6 $18) 24. Bd6 Ree8 25. Bxf8 Rxe6 (25... Rxf8 {
there is nothing else anyway} 26. h4 Qb8 27. Qxb8 Rxb8 $18) 26. Bxg7+ Kxg7 27.
Rxe6 Qxe6 28. Re1 Qd7 29. Qe3 Kf7 30. Qe4 (30. Qh3 $142 {might be the shorter
path} Qxh3 31. gxh3 $18) 30... Qd8 31. Qe6+ Kf8 (31... Kg7 {cannot change
destiny} 32. Qe7+ Qxe7 33. Rxe7+ Kf8 34. Re1 Kf7 35. d5 f5 36. d6 Kg7 37. d7
Kf7 38. d8=Q Kg7 39. Qd4+ Kh6 40. Qh4+ Kg7 41. Re7+ Kf8 42. Qxh7 f4 43. Qf7#)
32. d5 Qc7 (32... b4 {doesn't do any good} 33. d6 Qb6+ 34. Kf1 Qg1+ 35. Kxg1
Kg7 36. d7 bxc3 37. Qe7+ Kh6 38. Qxf6 cxb2 39. Qh4+ Kg7 40. Re7+ Kf8 41. d8=Q#)
33. Qxf6+ Qf7 34. Qxf7+ (34. Qh8+ Qg8 35. Rf1+ Ke7 36. Qxg8 Kd6 37. Rf6+ Kd7
38. Qg7+ Kc8 39. Rf8#) 34... Kxf7 35. d6 (35. d6 h5 36. d7 h4 37. d8=Q Kg7 38.
Qxh4 b4 39. Re7+ Kf8 40. Qf6+ Kg8 41. Qg7#) 1-0

[Event "Hokkaido Chess Championship 2025"]
[Site "?"]
[Date "2025.03.22"]
[Round "1.5"]
[White "Yajima, Machiko"]
[Black "Yoshii, Yukihiko"]
[Result "0-1"]
[WhiteElo "1367"]
[BlackElo "1771"]
[Annotator "Fritz 11 SE (30s)"]
[PlyCount "90"]
[EventDate "2025.03.22"]
[EventRounds "5"]
[EventCountry "JPN"]

{C01: French: Exchange Variation} 1. e3 e5 2. d4 exd4 3. exd4 d5 4. Nf3 Bf5 5.
c4 Nf6 (5... Bxb1 6. Rxb1 Bb4+ 7. Bd2 Bxd2+ (7... Qe7+ 8. Be2 Nf6 9. O-O Bxd2
10. Qxd2 c6 11. b4 O-O 12. c5 Ne4 13. Qc2 Ng5 14. b5 cxb5 15. Nxg5 Qxg5 16.
Bxb5 Nc6 17. Bxc6 bxc6 18. Qa4 Qg6 19. Rb7 h5 20. Rc7 Rfc8 21. Rxc8+ Rxc8 22.
Qxa7 {Andrijevic,M (2384)-Peric,S (2275) Belgrade 2009 1-0}) 8. Qxd2 Nf6 9. Be2
O-O 10. O-O dxc4 11. Bxc4 Nbd7 12. b4 Nb6 13. Bd3 a6 14. Rb3 Qd6 15. Qg5 Nbd5
16. Ne5 Nxb4 17. Bb1 h6 18. Qf5 Nbd5 19. g4 Ne7 20. Qf4 {Vlassov,N (2467)
-Rustemov,A (2620) Moscow 2002 0-1 (32)}) 6. Nc3 c6 7. Be2 $146 (7. Be3 Be7 8.
Qb3 Qb6 9. Qxb6 axb6 10. cxd5 cxd5 11. Nxd5 Nxd5 12. Bb5+ Bd7 13. Bxd7+ Kxd7
14. Ne5+ Ke6 15. a3 f6 16. Nd3 Nc6 17. Nf4+ Kd6 18. Ne2 {1/2-1/2 (18) Cosma,E 
(2310)-Mutchnik,L (2225) Romania 1994}) (7. cxd5 Bd6 8. dxc6 Nxc6 $14) 7... Be7
8. O-O {White castles and improves king safety} O-O 9. a3 {Consolidates b4} (9.
Re1 Re8 $14) 9... Nbd7 $11 10. Qe1 (10. Re1 $5 $11) 10... Re8 11. c5 {White
gets more space} (11. Qd1 Bd6 $15) 11... Qc7 (11... b6 12. b4 $17) 12. g3 (12.
Nh4 Ng4 13. Nf3 Nf8 $15) 12... Bh3 $17 13. Bf4 Qd8 14. Ng5 (14. Qd2 Bxf1 15.
Kxf1 b6 $17) 14... Bxf1 15. Qxf1 h6 16. Nf3 Ne4 17. Qc1 (17. Be3 Ndf6 $17)
17... Ndf6 (17... Bxc5 $142 $5 18. Nxe4 dxe4 19. dxc5 exf3 20. Bxf3 Ne5 21.
Bxe5 Rxe5 $19) 18. Ne5 $17 Nxc3 19. bxc3 (19. Qxc3 Nd7 20. Be3 Qc7 $17) 19...
Ne4 (19... Nd7 20. Nxd7 Qxd7 21. Bd3 $17) 20. Bh5 Rf8 (20... g6 $142 21. Bf3
Bf6 22. Bxe4 dxe4 $17) 21. Bxh6 $4 (21. Rb1 Bf6 22. Rxb7 Bxe5 23. Bxe5 $17 (23.
dxe5 $2 Nxc5 24. Rb1 Nd3 $19)) 21... gxh6 $19 22. Qf4 (22. f3 {does not solve
anything} Nf6 23. Qxh6 Nxh5 24. Qxh5 Bf6 $19) 22... Bg5 23. Bxf7+ (23. Qg4 {
does not help much} f5 (23... Nxc3 $6 {is clearly worse} 24. f4 $19) 24. Qd1
Qa5 $19) 23... Kg7 24. Qf5 Qf6 25. Qxf6+ (25. Qg6+ {does not win a prize} Qxg6
26. Bxg6 Nxc3 $19 (26... Nxf2 $143 27. Rb1 Rab8 28. Bc2 $19)) 25... Bxf6 26. f4
(26. Bg6 {doesn't do any good} Nxc3 27. Bd3 Bxe5 28. dxe5 Rf3 $19) 26... Bxe5
27. Bh5 (27. Bxd5 {a fruitless try to alter the course of the game} Nxc3 28.
dxe5 cxd5 $19) 27... Bc7 (27... Bf6 $142 {and Black can already relax} 28. Rd1
$19) 28. Rc1 Nf6 29. Bf3 Rae8 30. Kf2 Re7 31. Rc2 Rfe8 (31... Ba5 $142 {
seems even better} 32. c4 $19) 32. h3 (32. c4 {does not improve anything} dxc4
33. Rxc4 Rd8 $19) 32... Ba5 33. c4 Be1+ 34. Kg2 Re3 35. a4 Ne4 36. Bxe4 (36.
cxd5 {cannot change what is in store for White} cxd5 37. f5 Nxg3 $19) 36...
R8xe4 37. Kf1 Bxg3 38. Kg2 Bxf4 39. Kf2 Rxd4 40. cxd5 Rxd5 41. Rc4 Rd2+ 42. Kf1
Bg3 (42... Rxh3 43. Kg1 Be3+ 44. Kf1 Rh1#) 43. Rg4+ (43. Rc1 {cannot undo what
has already been done} Rf3+ 44. Kg1 Be5 45. Kh1 Rxh3+ 46. Kg1 Bd4+ 47. Kf1 Rh1#
) 43... Kf6 44. Rxg3 Rxg3 45. Ke1 (45. h4 {is not much help} Rc2 46. a5 Rb3 47.
Ke1 Rb1#) 45... Ra2 (45... Ra2 46. Kf1 Rb3 47. Ke1 Rb1#) (45... Rb2 46. Kf1 Rc3
47. Ke1 Rc1#) 0-1

[Event "Hokkaido Chess Championship 2025"]
[Site "?"]
[Date "2025.03.22"]
[Round "1.6"]
[White "kuramoto, koutarou"]
[Black "Ono, Yukiko"]
[Result "1-0"]
[WhiteElo "1757"]
[BlackElo "1000"]
[Annotator "Fritz 11 SE (30s)"]
[PlyCount "65"]
[EventDate "2025.03.22"]
[EventRounds "5"]
[EventCountry "JPN"]

{E01: Catalan: Early deviations} 1. d4 d5 2. Nf3 Nf6 3. g3 Nc6 4. Bg2 e6 5. O-O
Bd6 $146 (5... Be7 6. c3 (6. c4 dxc4 7. Qa4 O-O 8. Qxc4 Qd5 9. Qa4 Bd7 10. Nc3
Qh5 11. h3 Ne5 12. dxe5 Bxa4 13. exf6 Bxf6 14. Nxa4 Qb5 15. Nc3 Bxc3 16. bxc3
Qxe2 17. Bf4 f6 18. Rfe1 Qc4 19. Nd2 Qxc3 20. Bxb7 Rab8 {Afanasiev,N (2283)
-Klyuev,A (2284) Kolomna 2014 1-0 (33)}) 6... Ne4 7. Nbd2 f5 8. Ne1 O-O 9. Nd3
a5 10. f3 Nxd2 11. Bxd2 b6 12. Re1 Ba6 13. Nf4 Qd7 14. e4 g5 15. exd5 Nxd4 16.
Nh3 Nb5 17. dxe6 Qd8 18. Bxg5 Bxg5 19. Nxg5 Qe7 20. f4 {Biyiasas,P (2450)
-Alburt,L (2575) Lone Pine 1981 1-0 (34)}) (5... Rb8 6. Nbd2 Be7 7. c4 O-O 8.
b3 Ne4 9. Nxe4 dxe4 10. Ne5 Nxd4 11. Bb2 c5 12. e3 Nf3+ 13. Nxf3 Qxd1 14. Rfxd1
exf3 15. Be5 Ra8 16. Bxf3 Bf6 17. Bxf6 gxf6 18. Rd6 Rb8 19. Kg2 Re8 20. Rad1 {
Konopka,M (2390)-Boguszlavszkij,J (2360) Hungary 1991 1/2-1/2}) (5... Ne4 6. c4
f5 7. Nc3 Be7 8. Qb3 Nxc3 9. bxc3 O-O 10. cxd5 exd5 11. Nd2 Be6 12. Qxb7 Qd7
13. Qa6 f4 14. Ba3 Bxa3 15. Qxa3 Rae8 16. Qc5 Rf6 17. e3 g5 18. exf4 gxf4 19.
Rae1 Kg7 20. c4 {Tratar,M (2340)-Kolar,S (2300) Slovenia 1991 1-0}) 6. c4 O-O
7. Qc2 Ne4 (7... Bd7 $5 $11) 8. Nc3 $14 f5 9. a3 {Covers b4} e5 (9... Nxc3 $5
10. Qxc3 dxc4 11. Qxc4 Bd7 $14) 10. cxd5 Nxd4 11. Nxd4 exd4 12. Nxe4 fxe4 13.
Qxe4 c5 $2 (13... Qf6 $142 14. e3 dxe3 15. fxe3 Bf5 $16) 14. dxc6 $18 Qb6 (
14... bxc6 15. Qxd4 Qc7 $18) 15. Qd5+ Rf7 (15... Kh8 {doesn't change anything
anymore} 16. cxb7 Bxb7 17. Qxb7 Qxb7 18. Bxb7 $18) 16. Qxd6 bxc6 17. Qxc6 Qxc6
(17... Bb7 {does not save the day} 18. Qxb6 axb6 19. Bxb7 Rxb7 20. Rd1 $18) 18.
Bxc6 Rb8 (18... Bb7 {doesn't get the cat off the tree} 19. Bb5 Rf5 20. Bd3 $18)
19. Bd5 Bh3 (19... Rbb7 {is no salvation} 20. Bxb7 Bxb7 21. Rd1 $18) 20. Bxf7+
Kxf7 21. Rd1 Rd8 (21... Re8 {doesn't get the bull off the ice} 22. e3 $18) 22.
b4 (22. Be3 {seems even better} Rb8 23. Bxd4 Rb7 $18) 22... Bd7 (22... Bf5 {
cannot change destiny} 23. Be3 $1 {Deflection: d4} d3 24. exd3 $18) 23. Bb2 (
23. Rxd4 {keeps an even firmer grip} Ke8 $18) 23... Rc8 (23... Re8 {is not the
saving move} 24. Rxd4 Bf5 25. Rd2 $18) 24. Rxd4 (24. Rac1 {might be the
shorter path} Rxc1 25. Rxc1 Bb5 $18) 24... Ba4 25. Rc1 Re8 26. e3 (26. Rc7+ {
makes it even easier for White} Re7 27. Rf4+ Ke8 28. Rxe7+ Kxe7 29. Bxg7 h5 $18
) 26... h5 27. Rc7+ Ke6 28. Re4+ Kd6 29. Rxe8 $1 {Mate threat} Kxc7 (29... Bxe8
30. Rxg7 {Combination}) (29... -- $140 30. Ree7 {Mate threat}) 30. Re7+ Bd7 31.
Rxg7 Kd8 32. Rxd7+ $1 {a brilliant end} Kxd7 33. f4 1-0